旅客列车通达度最高的国铁火车站 China railway station with the highest accessibility - Statistics

General Stats
  • This quiz has been taken 48 times
  • The average score is 17 of 30
Answer Stats
通达度 路局 车站 % Correct
577 上海 上海虹桥
100%
606 郑州 郑州
98%
589 郑州 郑州东
98%
460 北京 北京西
95%
528 成都 成都东
93%
545 沈阳 沈阳北
90%
455 武汉 武汉
80%
547 上海 南京南
78%
488 西安 西安北
78%
451 成都 重庆北
68%
444 南昌 南昌
68%
670 北京 石家庄
66%
475 北京 天津
61%
447 上海 徐州东
61%
441 上海 合肥
61%
519 上海 苏州
56%
453 上海 上海松江
54%
449 广州 长沙南
54%
489 成都 重庆西
51%
460 沈阳 长春
51%
525 上海 无锡
44%
520 沈阳 山海关
44%
479 北京 秦皇岛
41%
505 上海 常州
39%
512 北京 唐山
27%
574 郑州 商丘
20%
575 上海 芜湖
15%
459 成都 广元
12%
443 上海 宣城
2%
441 上海 诸暨
2%
No matching quizzes found
Score Distribution
Percent of People with Each Score
Percentile by Number Answered
Your Score History
You have not taken this quiz